000
00343nam a22001457a 4500
008
230907b ||||| |||| 00| 0 eng d
020
_a
7688161
041
_a
eng
080
_a
101
082
_a
101SAY
100
_a
44
101
_a
FILOZ
245
_a
CONSCIOUSNESS A PHILOSOPHIC STUDY OF MINDS AND MACHINES
_c
SAYRE.M.K
942
_2
udc
_c
BK
999
_c
60297
_d
60297